000 00666cam a2200229 4500500
005 20260405003026.0
041 _afre
042 _adc
100 1 0 _aLegros, Martin
_eauthor
245 0 0 _aRetraite : une vision "discontinuiste" de l’existence ?
260 _c2020.
500 _a1
690 _aExistence
690 _aKierkegaard
690 _aMacron
690 _aMartin Legros
690 _aMontaigne
690 _aRéforme
690 _aRetraite
786 0 _nPhilosophie magazine | 136 | 2 | 2020-02-01 | p. 6-6 | 1951-1787
856 4 1 _uhttps://shs.cairn.info/magazine-philosophie-magazine-2020-2-page-6?lang=fr&redirect-ssocas=7080
999 _c2063656
_d2063656